00582cam a2200169 450000500170000000800410001702000150005805000210007310000190009424500790011325000370019226000500022930000210027950400330030065000410033365000380037420251008094807.0031001s2000 ag 000 0 spa u a950679272004aHV8073bG37 20001 aGaspar, Gaspar10aNociones de criminalística e investigación criminal c / Gaspar Gaspar a2a ed. bactualizada y ampliada  aBuenos Aires :bEditorial Universidad, c2000 a342 p. ;c23 cm. aBibliografía : p. 341-342  7aInvestigación criminal zArgentina 72lembaPrueba (Derecho)zArgentina